[Event "Interzonal-16"]
[Site "Biel"]
[Date "1993.??.??"]
[Round "11"]
[White "Yudasin, Leonid"]
[Black "Gulko, Boris F"]
[Result "1-0"]
[WhiteElo "2605"]
[BlackElo "2635"]
[Annotator "Ftacnik,L"]
[PlyCount "45"]
[EventDate "1993.07.16"]
[EventType "swiss"]
[EventRounds "13"]
[EventCountry "SUI"]
[SourceTitle "CBM 037"]
[Source "ChessBase"]
[SourceDate "1993.12.01"]
[SourceVersion "1"]
[SourceVersionDate "1993.12.01"]
[SourceQuality "1"]

1. e4 e6 2. d4 d5 3. Nd2 c5 4. Ngf3 cxd4 5. Nxd4 Nc6 6. Bb5 Bd7 7. Nxc6 bxc6 8.
Bd3 Qc7 (8... Bd6 9. Qe2 e5 (9... Ne7 10. Nf3 Ng6 11. e5 Bc7 12. O-O c5 13. c4
dxc4 14. Bxc4 O-O 15. Rd1 Qe8 16. Be3 Bb6 17. Bd3 Bc6 18. Rac1 Qb8 19. Bxc5 Nf4
20. Bxh7+ Kxh7 21. Qc2+ Kg8 22. Ng5 g6 23. Bxf8 Qxe5 24. Qxc6 $16 {Gavrilov,
A-Ivanov,V/Moscow/1989/}) 10. O-O Qe7 11. exd5 cxd5 12. c4 d4 13. Ne4 Bc7 14.
c5 Kf8 15. f4 Re8 16. fxe5 Bxe5 17. Bf4 Bxf4 18. Rxf4 Nh6 19. Qf2 {1-0/Wolff,
P-Finegold,B/Saint John op-1/1988/}) 9. Qe2 Bd6 (9... Ne7 10. O-O (10. Nf3 Ng6
11. e5 Rb8 12. O-O Be7 13. Re1 c5 14. c4 O-O 15. h4 dxc4 16. Be4 Kh8 17. Bg5
Bb5 18. Qe3 Rfd8 19. h5 Bxg5 20. Nxg5 Nf8 21. Rad1 h6 22. Nf3 Nd7 23. Qf4 f5
24. Bc2 $15 {Tal,M-Kortchnoi,V/Moskva/1971/}) 10... Ng6 11. Nf3 Bd6 (11... Be7
12. c4 dxe4 13. Bxe4 f5 14. Bc2 e5 15. Ng5 h6 16. Qh5 Qd6 17. Ne4 Qe6 18. Rd1
Bc8 19. h3 Rf8 20. Ng3 Rf6 21. Re1 Kf8 22. Qe2 a5 23. Bd2 Rf7 24. Nh5 $13 {
Shamkovich,L-Vaganian,R/Dubna/1973/}) 12. Re1 Nf4 (12... Rb8 13. c4 O-O 14. e5
Bb4 15. Rd1 Rfe8 16. h4 h6 17. h5 Nf8 18. Nh2 Bc8 19. Ng4 Be7 20. b3 Qd8 21.
Nxh6+ gxh6 22. Qg4+ Bg5 23. f4 f5 24. Qg3 $16 {Tatai,S-Campos Lopez,M/Camaguey
II/1974/}) 13. Bxf4 Bxf4 14. c4 O-O 15. g3 Bh6 16. exd5 cxd5 17. Qc2 g6 18.
cxd5 Qxc2 19. Bxc2 exd5 20. Bb3 Be6 21. Nd4 {0,5/Zakharov-Petrosjan,T/URS-ch/
1976/}) 10. Nf3 dxe4 $6 (10... Ne7 11. O-O O-O 12. c4 $14) 11. Qxe4 Nf6 12. Qh4
Rb8 (12... O-O 13. Bg5 Qa5+ 14. c3 $16) 13. O-O Nd5 (13... Rb4 14. c4 $16) 14.
Re1 Be7 (14... Nb4 15. Be4 h5 16. a3 Nd5 17. c4 $16) 15. Qg4 g6 (15... O-O 16.
Bh6 Bf6 17. Qe4 $1 (17. Ng5 $6 Bxb2 18. Bxh7+ Kh8 19. Bxg7+ Bxg7 20. Qh4 Bxa1
$19) 17... Rfd8 18. Qxh7+ $16) 16. c4 f5 $2 (16... Nb4 17. Bb1 (17. Bf4 Bd6 18.
Bxd6 Qxd6 19. Be2 e5 20. Qe4 f6) 17... e5 18. Qg3 f6 19. a3 Na6 20. b4 $16) 17.
Bxf5 $1 Nf6 (17... gxf5 18. Qh5+ Kd8 19. cxd5 cxd5 20. Ng5 $16) (17... exf5 18.
Qd4 Rf8 19. cxd5 cxd5 20. Bg5 $18) 18. Qf4 Qxf4 (18... Bd6 19. Qg5 gxf5 20.
Qxf6 Rf8 21. Qh6 $18) 19. Bxf4 Rxb2 20. Bxe6 Bc5 $2 (20... Bxe6 21. Rxe6 Kd7
22. Ree1 $18) 21. Bxd7+ Kxd7 22. Ne5+ Kc8 23. Nd3 (23. Nd3 Rc2 24. Nxc5 Rxc4
25. Be3 $18) 1-0

[Event "Interpolis-02"]
[Site "Tilburg"]
[Date "1978.09.02"]
[Round "2"]
[White "Hort, Vlastimil"]
[Black "Spassky, Boris Vasilievich"]
[Result "1/2-1/2"]
[WhiteElo "2620"]
[BlackElo "2630"]
[Annotator "Ftacnik,L"]
[PlyCount "35"]
[EventDate "1978.09.01"]
[EventType "tourn"]
[EventRounds "11"]
[EventCountry "NED"]
[EventCategory "14"]
[SourceTitle "MCL"]
[Source "ChessBase"]
[SourceDate "1999.07.01"]
[SourceVersion "1"]
[SourceVersionDate "1999.07.01"]
[SourceQuality "1"]

1. e4 e6 2. d4 d5 3. Nd2 c5 4. exd5 (4. Ngf3) 4... Qxd5 (4... exd5) 5. Ngf3
cxd4 6. Bc4 Qd6 7. O-O Nf6 8. Nb3 Nc6 9. Nbxd4 Nxd4 10. Nxd4 Be7 (10... a6) 11.
c3 (11. b3 $1) 11... Bd7 12. Qf3 Qc7 13. Bb3 Bd6 14. h3 Be5 15. Bg5 (15. Re1 {
/\} Bxd4 $6 (15... O-O 16. Bg5 Bxd4 $5 (16... h6) (16... Rad8) 17. cxd4 Bc6 18.
Qd3 $14 (18. Qc3 $14)) 16. cxd4 Bc6 $2 17. d5 $1) 15... Bxd4 $5 16. cxd4 Bc6
17. Qe3 (17. Qc3 $2 Ne4 $1) 17... Nd5 18. Qe5 1/2-1/2

[Event "USA-ch"]
[Site "Modesto"]
[Date "1995.??.??"]
[Round "8"]
[White "Ivanov, Alexander"]
[Black "Gulko, Boris F"]
[Result "1-0"]
[WhiteElo "2530"]
[BlackElo "2620"]
[Annotator "Ftacnik,L"]
[PlyCount "81"]
[EventDate "1995.11.??"]
[EventType "tourn"]
[EventRounds "13"]
[EventCountry "USA"]
[EventCategory "12"]
[SourceTitle "CBM 051"]
[Source "ChessBase"]
[SourceDate "1996.04.01"]
[SourceVersion "1"]
[SourceVersionDate "1996.04.01"]
[SourceQuality "1"]

1. e4 {Gulko} e6 2. d4 d5 3. Nd2 c5 4. Ngf3 cxd4 5. Nxd4 Nf6 6. exd5 Nxd5 7.
N2f3 Be7 (7... a6 $5 8. Bd3 Bd6 9. O-O Qc7 $13) 8. Bd3 (8. g3 O-O 9. Bg2 b5 (
9... Bf6 10. O-O Nc6 (10... Bd7 11. Qe2 Nc6 12. Nxc6 Bxc6 13. Ne5 Bxe5 14. Qxe5
Ne7 15. b3 {1/2-1/2 Jansa,V-Nogueiras,J/Andorra op (07)/1995}) 11. Nxc6 bxc6
12. Re1 Ba6 13. c3 Qb6 14. Qa4 Bd3 15. Nd2 Rfd8 16. Ne4 Be7 17. Rd1 Be2 18. Rd2
Bb5 19. Qc2 f5 20. c4 Nb4 21. Qb3 fxe4 22. cxb5 cxb5 23. Bxe4 Rac8 24. Rxd8+
Rxd8 25. Be3 {1-0 Yemelin,V-Nikitin,An/St.Petersburg Chigorin (02)/1995 (32)})
10. O-O a6 11. Qe2 Bf6 12. Rd1 Qb6 13. a4 b4 14. a5 Qc5 15. Bg5 Ra7 16. Bxf6
Nxf6 17. Nb3 Qe7 18. Ne5 Bb7 19. Bxb7 Rxb7 20. Rd4 Rc8 $10 {Kengis,E-Gulko,B/
Riga/1995/}) (8. Be2 a6 $1 9. c4 Nf6 10. O-O Qc7 11. Re1 $2 (11. Qc2 $142 {/\}
e5 $6 12. Nf5) 11... e5 $1 $15 {0-1 Eingorn,V-Dreev,A/Luzern/1993 (29)}) (8.
Bc4 O-O 9. O-O Nc6 10. c3 Bf6 11. Re1 Nce7 12. Bg5 Qc7 13. Bd3 Bd7 14. Qc2 Ng6
15. Bxf6 gxf6 16. Rad1 Rfd8 17. g3 f5 18. Bf1 Nf6 19. Bg2 {1/2-1/2 Eingorn,
V-Nogueiras,J/Capablanca mem-A (07)/1986 (39)}) 8... O-O (8... Nd7 9. O-O (9.
c4 N5f6 10. O-O a6 11. Qe2 Qc7 12. b3 b6 13. Bb2 Bb7 14. Bc2 O-O-O $5 15. a3
Bd6 16. b4 g5 17. c5 bxc5 18. bxc5 Nxc5 19. Rfc1 g4 20. Ng5 {0-1 Sherzer,
A-Remlinger,L/New York op (07)/1991 (56)}) 9... O-O 10. c4 N5f6 11. Bf4 $1 $14
{1-0 Spasov,V-Dreev,A/Moscow olm/1994 (38)}) 9. O-O Bf6 $6 {This move has one
flaw, since it doesn't continue with the development of pieces.} (9... b6) (
9... Nd7 $142 {Gulko}) 10. c4 Nb4 11. Be4 Qe7 12. a3 (12. Qe2 N8c6 13. Be3 Bd7
14. Rfd1 Nxd4 {Torre-Kortschnoj/Nice ol/1974/0,5-0,5}) 12... N4c6 13. Nxc6 Nxc6
14. Qc2 g6 15. Be3 Rd8 (15... a5 $1 {Gulko} 16. Rfd1 e5 $14) 16. Rad1 Rxd1 17.
Rxd1 a5 $2 {Overambitious, since black still has some way to go, before he has
all the pieces out.} (17... e5 18. b4 Bg4 19. Bc5 $14) 18. c5 a4 (18... e5 {
Gulko} 19. Rd6 $1) 19. Rd6 Bd7 20. h4 $1 Na5 (20... Ne5 21. Bg5 $1 Nxf3+ 22.
Bxf3 Bxg5 23. hxg5 Bc6 24. Bxc6 bxc6 25. Qd2 $16) 21. Bg5 $1 Bxg5 (21... Bc6 {
Gulko} 22. Bxf6 Qxf6 23. Bxc6 Nxc6 24. Rd7 Ne5 25. Nxe5 Qxe5 26. Rxb7 Rc8 $16)
22. hxg5 Bc6 23. Bxc6 Nxc6 24. Qd2 e5 (24... Rd8 25. Ne5 $1 Rxd6 26. cxd6 Qd8
27. Nxc6 bxc6 28. d7 $18) 25. Nh2 $1 {Very fine manouver, the N will be
extremely strong on f6.} Nd4 (25... Rd8 26. Ng4) 26. Ng4 Rd8 27. Nf6+ Kg7 28.
Qe3 $1 Nf5 (28... Rxd6 29. cxd6 Qxd6 $4 30. Ne8+ $18) (28... Nc6 29. Qh3) 29.
Rxd8 Qxd8 (29... Nxe3 30. Rg8#) 30. Qxe5 Qd1+ 31. Kh2 Qd4 32. Nh5+ $1 Kf8 33.
Qb8+ Ke7 34. Qxb7+ Kd8 35. Qb8+ Ke7 36. Nf6 Qh4+ 37. Kg1 Qxg5 38. Qe5+ Kd8 (
38... Kf8 39. Nd7+ Kg8 40. Qe8+ Kg7 41. Qf8#) 39. Qe8+ Kc7 40. Nd5+ Kb7 41.
Qd7+ 1-0

[Event "Olympiad-31"]
[Site "Moscow"]
[Date "1994.12.04"]
[Round "4.3"]
[White "Popovic, Petar"]
[Black "Bareev, Evgeny"]
[Result "1/2-1/2"]
[WhiteElo "2530"]
[BlackElo "2675"]
[Annotator "Gagarin,V"]
[PlyCount "61"]
[EventDate "1994.12.01"]
[EventType "team-swiss"]
[EventRounds "14"]
[EventCountry "RUS"]
[SourceTitle "CBM 045"]
[Source "ChessBase"]
[SourceDate "1995.04.01"]
[SourceVersion "1"]
[SourceVersionDate "1995.04.01"]
[SourceQuality "1"]
[WhiteTeam "Serbia & Montenegro"]
[BlackTeam "Russia"]
[WhiteTeamCountry "YUG"]
[BlackTeamCountry "RUS"]

1. e4 e6 2. d4 d5 3. Nd2 c5 4. Ngf3 cxd4 5. exd5 Qxd5 6. Bc4 Qd6 7. Qe2 Nf6 8.
Nb3 Nc6 9. Bg5 a6 (9... Be7) 10. O-O-O h6 $6 (10... b5 $5 11. Bd3 Be7 $1 (11...
Bb7) 12. Kb1 (12. Nbxd4 Nxd4 13. Nxd4 Qd5 14. Bxf6 Bxf6 15. Kb1 Qc5 $1 16. Be4
Ra7 17. Qd3 {Ivanov,VL-Zakharov,A/RUS/1994/} Rc7 18. Rhe1 g6 $15 {Ivanov,VL/})
12... e5 13. h3 Be6 14. Rhe1 Rc8 $1 {Smagin,S-Marjanovic,S/YUG/1994/0:1/43/}
15. Bh4 $1 Nd7 16. Bg3 $44 {Smagin/}) 11. Nbxd4 $1 hxg5 12. Nxe6 fxe6 13. Rxd6
Bxd6 14. Bxe6 $16 Kd8 (14... Kf8 $5 15. Bxc8 Rxc8 16. Qc4 Bf4+ 17. Kb1 Ne7 18.
Qb4 $36) (14... Bxe6 $2 15. Qxe6+ Be7 16. Re1 $16) 15. Qd2 $1 Ne4 (15... Bxe6
16. Qxd6+ Bd7 17. Nxg5 $16) 16. Qd5 Bxe6 17. Qxe6 Re8 18. Qf7 Re7 19. Qf8+ Re8
20. Qxg7 Re7 21. Qg8+ (21. Qf8+ $5 Re8 22. Qf5 Bf4+ 23. Kb1 Nxf2 24. Rf1 Ne4
25. h4 Kc7 26. hxg5 $16) 21... Re8 22. Qg7 Re7 23. Qg8+ Re8 24. Qg6 Kc7 25. Re1
Bf4+ 26. Kb1 Rad8 27. a3 $1 Nc3+ 28. bxc3 Rxe1+ 29. Nxe1 Rd1+ 30. Ka2 Rxe1 31.
h4 $1 $16 (31. g3 Bd2 32. Qd3 Bc1 $16) (31. h4 $1 Re2 (31... gxh4 $4 32. Qf7+
$18) 32. hxg5 $1 (32. Qf7+ $6 Kb6 33. g3 Rxc2+ 34. Kb1 Rc1+ 35. Kb2 Rf1 36.
gxf4 Rxf2+ 37. Kc1 gxh4 $16) 32... Rxf2 33. Qf7+ Kb6 34. g6 Be3 (34... Bg3 35.
Qb3+ Ka7 36. g7 Ne7 37. Qe6 $1 (37. g8=Q Nxg8 38. Qxg8 Rxc2+ 39. Kb3 Rxg2 $16)
37... Bh4 38. Qe4 $18) 35. Qe6 Bc5 36. g7 Rxc2+ 37. Kb3 Rxg2 38. g8=Q Rxg8 39.
Qxg8 $16) 1/2-1/2

[Event "Winterthur"]
[Site "Winterthur"]
[Date "1996.??.??"]
[Round "1"]
[White "Gallagher, Joseph G"]
[Black "Kelecevic, Nedeljko"]
[Result "1-0"]
[WhiteElo "2530"]
[BlackElo "2475"]
[Annotator "Gallagher,J"]
[PlyCount "59"]
[EventDate "1996.09.??"]
[EventType "tourn"]
[EventRounds "11"]
[EventCountry "SUI"]
[EventCategory "9"]
[SourceTitle "CBM 055"]
[Source "ChessBase"]
[SourceDate "1996.12.01"]
[SourceVersion "1"]
[SourceVersionDate "1996.12.01"]
[SourceQuality "1"]

1. e4 e6 2. d4 d5 3. Nd2 {A couple of weeks ago in Biel I played 3. Nc3
against the same opponent, but didn't achieve very much from the opening. So
it was time for a change.} c5 4. exd5 Qxd5 5. Ngf3 cxd4 6. Bc4 Qd6 7. O-O Nf6
8. Nb3 Nc6 9. Nbxd4 Nxd4 10. Nxd4 a6 11. Re1 Qc7 12. Bb3 Bd6 {This is all very
well known, but it seems like a very risky line for Black to me. 12...Bd7 is
an alternative.} 13. Nf5 $1 Bxh2+ 14. Kh1 Kf8 $2 {This has been played quite a
few times, but it seems to lose by force. 14...0-0 is the only chance, when 15.
Nxg7 gives white a strong attack.} 15. g3 exf5 {Speelman one beat Psakhis with
15...Bxg3, but it's completely unsound.} 16. Bf4 Qc6+ 17. Kxh2 Be6 18. Bd6+ $1
{18. Qd6+ gives white a good ending, but the text is even stronger.} Ke8 {[#]}
(18... Kg8 $2 19. Rxe6 $1) 19. c4 $3 {White plans to support the pride of his
position - the bishop on d6. Less good is 19. Bxe6 fxe6 20. Rxe6 Kf7 21. Re7+
Kg6, when Black has no problems.} Rd8 {The first new move of the game!
Adams-Pomes, Barcelona 1991, went:} (19... h5 20. c5 h4 21. f3 $1 (21. Ba4 $4
hxg3+ 22. Kxg3 f4+ $1 23. Kxf4 Rh4+ 24. Kg3 Rxa4) 21... Kd8 22. Bxe6 fxe6 23.
Rxe6 {with advantage to white.}) (19... Ne4 20. c5 Nxc5 {White has several
tempting continuations, one being:} (20... Nxd6 21. cxd6 $1 Kd7 22. Rc1 Qxd6
23. Qf3 {is crushing.}) 21. Bxe6 Nxe6 22. Rc1 Qb6 23. Rc7 $1 Qxc7 $1 24. Kh1 {
and wins.}) 20. c5 b5 {Insufficient, but white was threatening 21. Ba4.} 21.
Bxe6 fxe6 {[#]} 22. Qb3 Kf7 (22... Nd5 {loses to:} 23. Rxe6+) (22... Qd5 23.
Rxe6+ Kd7 (23... Kf7 24. Rxf6+) 24. Re7+ {is also the end.}) 23. Rxe6 Kg6 {[#]}
24. Be7 $1 {24. g4 is interesting, but unnecessarily complicated.} Qc8 25. Bxd8
Rxd8 26. c6 Rd4 27. Rae1 h5 28. Qf3 h4 29. R1e5 hxg3+ 30. Kg2 $1 (30. fxg3 Qh8+
{is not as clear.}) (30. Kg2 $1 {A possible finish:} Kf7 (30... f4 31. Qh5#)
31. Qxf5 Rd8 32. Rxf6+ gxf6 33. Qh7+ Kf8 34. Qe7+ Kg8 35. Qxf6) 1-0

[Event "Astana"]
[Site "Astana"]
[Date "2001.05.21"]
[Round "2"]
[White "Kasparov, Garry"]
[Black "Gelfand, Boris"]
[Result "1/2-1/2"]
[WhiteElo "2827"]
[BlackElo "2712"]
[Annotator "Gelfand,B"]
[PlyCount "81"]
[EventDate "2001.05.20"]
[EventType "tourn"]
[EventRounds "10"]
[EventCountry "KAZ"]
[EventCategory "20"]
[SourceTitle "CBM 084"]
[Source "ChessBase"]
[SourceDate "2001.09.13"]
[SourceVersion "1"]
[SourceVersionDate "2001.09.13"]
[SourceQuality "1"]

1. e4 e6 2. d4 d5 3. Nd2 c5 4. Ngf3 cxd4 5. exd5 Qxd5 6. Bc4 Qd6 7. O-O Nf6 8.
Re1 $5 $146 Be7 (8... Nc6 $5) 9. Ne4 Nxe4 10. Rxe4 Nc6 11. Nxd4 O-O (11... e5
$5 $13) 12. Bf4 Qc5 13. Nxc6 $6 (13. Bd3 $1 {Kasparov,G.} Rd8 (13... Nb4 14.
Nb3 $16) (13... Nxd4 14. Rxd4 Bf6 15. Rc4 (15. Rd6 Bxb2 16. Rb1 Be5 17. Bxh7+
Kxh7 18. Qh5+ Kg8 19. Qxe5 Qxe5 20. Bxe5 b6 $11) 15... Qd5 16. Qe2 b5 17. Rb4 (
17. Rc7 Bb7) 17... a6 18. Rd1 $16) (13... Bd7 14. Nb5 Nb4 15. Be3 Qc8 16. Rc4 (
16. Nxa7 Qb8) 16... Qd8 17. Rd4 Nxd3 18. Qxd3 (18. Rxd3 Bxb5 19. Rxd8 Rfxd8 $14
) 18... Bxb5 19. Qxb5 $16) 14. Nxc6 (14. Nb5 a6 15. Nc7 Rb8) 14... Qxc6 15. Qe2
(15. Qh5 g6 (15... Rd5 16. Re5 g6 17. Qe2 Rxe5 18. Bxe5 Bd7 $14) 16. Qe2 (16.
Qh6 Bf6 17. Be5 Bxe5 18. Rxe5 b6 19. Rh5 (19. Be4 Qd6) 19... Rxd3) 16... Bf6
17. Rc4 (17. Be5 Bxe5 18. Rxe5 Qd6 $11) 17... Qb6 18. Rb1 (18. Be5 Bxe5 19.
Qxe5 Bd7 $11) 18... Qa5 (18... e5 19. Bxe5 (19. Be3 Qd6 20. Qf3 $14) 19... Bxe5
20. Qxe5 Be6 21. Ra4 $16) 19. Bc7 Qxa2 20. Rd1 $40) 15... Bf6 16. Rc4 Qb6 17.
Rb1 $14 (17. c3 e5)) (13. Nb5 $6 a6 14. Be3 (14. Nc7 Rb8) 14... Qf5) 13... Qxc6
14. Bd3 (14. Qe2 a6) 14... b5 $1 15. a4 (15. c4 b4 16. Rd4 (16. Re1 Bb7 17. Be4
Qc8 18. Bxb7 Qxb7) 16... Bb7 17. Be4 Qc8 18. Bxb7 Qxb7 19. Rd7 $140 Qe4 20.
Rxe7 Qxf4 $11 21. c5 $6 Qg5) 15... a6 (15... bxa4 16. Rexa4 (16. Rc4 Qb6) 16...
Bb7 17. Be4 $14) 16. Re3 Bb7 (16... Rd8 $5) (16... f5 17. axb5 axb5 18. Rxa8
Qxa8 19. Bxb5) 17. Be4 Qxe4 (17... Qc8 $1 18. Bxh7+ (18. Rc3 Bxe4 19. Rxc8
Raxc8 $11) 18... Kxh7 19. Qh5+ Kg8 20. Rh3 f5 (20... f6 21. Qh7+ Kf7 22. Rg3
Ke8 (22... Rg8 23. Qg6+ Kf8 24. Bh6) 23. Rxg7 Qd7 24. h4 $40) 21. Qh7+ (21. Be5
Rf6 $17 (21... Bf6 22. Qh7+ Kf7 23. Bxf6 Kxf6 24. Rg3 Rg8 $17)) 21... Kf7 22.
Qh5+ Kg8 $11 (22... g6 23. Qh7+ Ke8 24. Qxg6+ Kd7 (24... Kd8 25. Bg5 $40) 25.
Rc3 $18)) (17... Qb6 {Kasparov,G} 18. a5 Qa7 19. Bxh7+ (19. Bd3 Qc5 (19... Rad8
20. Qh5 g6 21. Qh6) 20. Qg4 (20. Be5 g6) 20... Rad8 21. Be5 g6 $11) 19... Kxh7
20. Rh3+ Kg8 21. Qh5 f5 (21... f6 22. Qh7+ Kf7 23. Rg3 Rg8 24. Qg6+ Kf8 25. Bh6
Bd5 26. Bxg7+ Rxg7 27. Qh6 $16) 22. Qh7+ Kf7 23. Qh5+ Kg8 $11 (23... g6 24.
Qh7+ Ke8 25. Qxg6+ Kd7 26. Rd1+ Bd5 27. Re3 $40)) 18. Rxe4 Bxe4 19. Qe2 Bd5 $6
(19... Bg6 20. h4 Rac8 21. h5 (21. c3 Rfd8 22. axb5 Bd3 23. Qf3 Bxb5) 21...
Bxc2 22. axb5 axb5 23. Qxb5 Rfd8 24. Qb7 $36) (19... Bc6 20. axb5 axb5 $11) 20.
h4 $3 Rac8 (20... b4 21. Rd1 $1 (21. Bg5 f6 22. Be3 Rfc8 23. Bd4 Rc4 24. Rd1
Rac8 25. Rd2 b3) 21... Rfd8 (21... Bf6 22. Bd6 Rfc8 23. Bxb4 Rc4 24. c3 Rxh4
25. a5 $16 (25. f3 a5)) 22. Be5 (22. Bc7 Rdc8 (22... Rd7 23. Be5) 23. Rxd5 exd5
(23... Rxc7 $11) 24. Qxe7 Ra7) 22... Bf8 (22... f6 23. Bc7) 23. h5 f6 (23... h6
24. Qg4 Rac8 25. Rd3) 24. Bd4 h6 25. c4 bxc3 26. Bxc3 $14) 21. axb5 axb5 22.
Bg5 Bd6 (22... f6 23. Be3 b4 (23... Rf7 24. Ra7) (23... Bc5 24. Bxc5 Rxc5 25.
Ra7) 24. Ra7 Rf7 25. Qb5 $36) 23. Ra6 Bb8 (23... Bc4 24. Qe1 Bc5 25. b4) (23...
Bc5 $1 24. Qxb5 Bc4 25. Qa4 Bxa6 26. Qxa6 Ra8 (26... Bxf2+ $1 27. Kxf2 Rxc2+
28. Kf3 Rxb2 $14) 27. Qc6 Rfc8 28. Qd7 Bxf2+ $1 (28... h6 29. Bf4 Rd8 30. Qc6
Ra1+ 31. Kh2 Bxf2 32. b4 $36) 29. Kxf2 Rxc2+ 30. Kf3 Rxb2 $11) 24. Be7 Rfe8 25.
Bd6 Red8 (25... b4 26. b3 Bxd6 27. Rxd6 Red8 28. Rxd8+ Rxd8 29. Qb5) 26. Bxb8
Rxb8 27. Ra3 (27. Ra7 $1 b4 28. Qh5 Rf8 29. Qg5 Rbc8 30. h5 h6 31. Qd2 Rc4 $16)
27... Rb7 28. Rg3 f6 29. Rg4 Rc8 30. Rd4 (30. b3 f5) (30. h5 {Kasparov,G} h6
31. b3 b4 32. Qd2 Kh8 33. Rxb4 Rxc2 $11) 30... Rbc7 31. Qxb5 Rxc2 32. b4 h6 33.
Rg4 f5 34. Rg6 $6 Kh7 35. h5 R2c7 36. Qd3 Rb7 37. Qg3 Rc1+ 38. Kh2 Rc4 39. b5
Rb4 40. Rxe6 Bxe6 $6 (40... Rg4 $1 41. Qe5 Bxe6 42. Qxe6 Rxb5 43. g3 Rg5 44.
Qe8 $1 Rb2 45. Kg2 Rb4 (45... Rc2 46. Qf7) (45... Rd2 46. Qf7) 46. Kh3 f4 47.
g4 f3 48. Qc8 $11) 41. Qg6+ 1/2-1/2